000 00335pam a2200157a 44500
008 230515b2008 xxu||||| |||| 00| 0 eng d
020 _aNULL
041 _aENGLISH
082 _a5.133
100 _aHAEWANIO B M
245 _aPRACTICAL JAVA PROJECT
250 _a1
260 _aNULL
_bNA
_c2008
300 _a106
650 _aNULL
999 _c636888
_d636888